Interoperabilita mýtných systémů

História normalizácie mýtnych systémov v Európe. Smernica 2004/52/ES o interoperabilite elektronických systémov pre výber mýta v Európskej únii. Interoperabilita mýtnych systémov dnes. Modelový príklad. Rozhodnutie 2009/750/ES, ktoré podrobne definuje európske služby elektronického mýta.

Guardado en:
Detalles Bibliográficos
Autor principal: Borovec, Tomáš
Formato: Capítulo de libro
Lenguaje:checo
Materias:
Etiquetas: Agregar Etiqueta
Sin Etiquetas, Sea el primero en etiquetar este registro!

MARC

LEADER 00000naa$a2200000$$$4500
001 0115291
005 20231129095351.0
041 0 |a cze 
044 |a CZ 
245 1 0 |a Interoperabilita mýtných systémů  |c Tomáš Borovec 
520 |a História normalizácie mýtnych systémov v Európe. Smernica 2004/52/ES o interoperabilite elektronických systémov pre výber mýta v Európskej únii. Interoperabilita mýtnych systémov dnes. Modelový príklad. Rozhodnutie 2009/750/ES, ktoré podrobne definuje európske služby elektronického mýta. 
610 2 0 |a doprava cestná nákladná 
610 2 0 |a poplatky 
610 2 0 |a normalizácia 
610 2 0 |a regulácia 
610 2 0 |a harmonizácia 
610 2 0 |a Európska únia 
100 1 |a Borovec, Tomáš